Statistiques concernant Devinez l'État Américain Mystère #33

Cliquez ici pour prendre le quiz!

Statistiques générales

  • Ce quiz a été pris 126 fois
  • Le résultat moyen est 32 sur 34

Statistiques - réponses

Type de RéponseRéponse% Correct
Lettre de l'AlphabetA
100%
Lettre de l'AlphabetD
100%
Lettre TrouvéeE
100%
Lettre de l'AlphabetI
100%
Lettre de l'AlphabetM
100%
Lettre TrouvéeN
100%
Lettre TrouvéeO
100%
Lettre de l'AlphabetS
100%
Lettre de l'AlphabetL
99%
Lettre TrouvéeR
98%
Lettre de l'AlphabetT
98%
Lettre de l'AlphabetC
97%
Lettre de l'AlphabetH
97%
Lettre TrouvéeK
97%
Lettre de l'AlphabetG
96%
Lettre de l'AlphabetU
94%
Lettre de l'AlphabetV
94%
Lettre TrouvéeW
94%
Lettre TrouvéeY
93%
Lettre de l'AlphabetX
92%
Lettre de l'AlphabetB
91%
Lettre de l'AlphabetP
91%
Lettre de l'AlphabetF
90%
Lettre de l'AlphabetJ
88%
Lettre Bien PlacéeE
86%
Lettre Bien PlacéeK
86%
Lettre Bien PlacéeN
86%
État MystèreNew York
86%
Lettre Bien PlacéeO
86%
Lettre de l'AlphabetQ
86%
Lettre Bien PlacéeR
86%
Lettre Bien PlacéeW
86%
Lettre Bien PlacéeY
86%
Lettre de l'AlphabetZ
86%

Distribution des résultats

Percentile par nombre de réponses

% des personnes avec chaque résultat

Votre développement - résultats

Vous n’avez pas pris ce quiz